02815nam a2200409 a 4500001001000000003000900010005001700019008004100036020001800077040002500095082001800120100002900138245010900167260005200276300003400328504003200362505091000394590002601304650003001330650003001360650002701390650003801417650002901455650003101484650004401515650004701559651006201606700003701668910004201705942001401747952013001761952013001891952013002021952011602151952012102267999001702388000014754DO-SdBNP20250606121936.0100120s2007 dr abc 000 0 spa d a9789945856828 aDO-SdBNPbspacBNPHU a306.08bN583m1 aNicasio R. , Irma93344510aMigraciones, identidades y cultura en la República Dominicana /cIrma Nicasio R., Odalís G. Pérez. aSanto Domingo :bHostos ;bCUNY ;bUASD,c2007. a421 p. :bil. ; mapa ; retrs. aBibliografía : p. 409-4212 aReflexiones teóricas generales sobre migraciones y formaciones étnicas -- Antecedentes de la cultura aborigen (siglo XIV) -- Procesos de colonización española (1492-1520) -- La trata de grupos étnicos africanos (siglo XVI y XVII) -- La cultura afroamericana en Samaná (1822-1844) -- La cultura afroantillana o cocola (1887-1930) -- La migración de braceros haitianos (1916-2005) -- Nuevas migración étnicas a República Dominicana (1920-1960) -- Multiculturismo, multietnicidad e identidad cultural dominicana -- Identidad y patrimonio en República Dominicana -- Creación artística en República Dominicana -- Imágenes del arte dominicano -- Arte, urbanismo y arquitectura -- La sociocultura -- teatro, carnaval, espacio de la danza y espacio ritual en República Domininicana -- Diversidades y nacimientos artístico-culturales -- Literatura dominicana e identidad nacional. aInventariado, 2018/BT 0aIdentidad nacional 92163 4aIdentidad colectiva91723 4aGrupos étnicos92276 4aManifestaciones culturales933446 4aMulticulturalismo932656 4aPatrimonio cultural933447 0aFolclorezRepública Dominicana933448 4aEspañol en República Dominicana918785 4aRepública DominicanaxEmigración e inmigración92901 aPérez, Odalís d1952-923828 aValidado. Control de calidad. MMOLINA 2ddccLBS1 001054708DSaGRbGRcHDd2010-01-20iLF1l0o306.08 N583mp14754-30r2020-06-25te.3w2020-06-25yLFDSZPréstamo en sala 001054708DSaGRbGRcHDd2010-01-20iLF1l0o306.08 N583mp14754-40r2020-06-25te.4w2020-06-25yLFDSZPréstamo en sala 001054708DSaGRbGRcHDd2010-01-20iLF1l0o306.08 N583mp14754-50r2020-06-25te.5w2020-06-25yLFDSZPréstamo en sala 0010718PDaPDbPDcHDd2010-01-20iLF1l0o306.08 N583mp14754-10r2020-06-25w2020-06-25yLFPDZNo se presta 0010718PDaPDbPDcHDd2010-01-20iLF1l0o306.08 N583mp14754-20r2020-06-25te.2w2020-06-25yLFPDZNo se presta c14337d14337